header

The world we used to live in (Record no. 178159)

MARC details
000 -LEADER
fixed length control field 01608nam a22003734a 4500
082 04 - DEWEY DECIMAL CLASSIFICATION NUMBER
Classification number 299.7
100 1# - MAIN ENTRY--AUTHOR NAME
Personal name Deloria, Vine.
245 14 - TITLE STATEMENT
Title The world we used to live in
260 ## - PUBLICATION, DISTRIBUTION, ETC. (IMPRINT)
Place of publication Golden, Colo. :
Name of publisher Fulcrum Pub.,
Year of publication c2006.
300 ## - PHYSICAL DESCRIPTION
Number of Pages xxxii, 237 p.
505 0# - FORMATTED CONTENTS NOTE
Formatted contents note The approach of the sacred -- Powers conferred on the medicine men -- Continuing communications -- Interspecies relations -- The land and the cosmos -- Sacred stones and places -- Unusual exploits of medicine men.
650 #0 - SUBJECT ADDED ENTRY--TOPICAL TERM
Topical Term Shamans
Topical Term Indians of North America
Topical Term Indians of North America
Topical Term Indians of North America
856 40 - ELECTRONIC LOCATION AND ACCESS
Uniform Resource Identifier http://site.ebrary.com/lib/rucke/Doc?id=10298323

No items available.

© 2026 Rongo University
Contact us: librarian | system librarian | Rongo university